[Event "Chessable Masters - Torneo preliminare"]
[Site "Internet"]
[Date "2023.03.13"]
[Round "1"]
[White "Hong, Andrew"]
[Black "Fressinet, Laurent"]
[Result "1/2-1/2"]
[WhiteElo "2576"]
[BlackElo "2689"]
[PlyCount "94"]
[EventDate "2023.??.??"]

1. d4 Nf6 2. Nf3 d5 3. Bf4 e6 4. e3 Bd6 5. Nbd2 O-O 6. Bd3 b6 7. O-O Ba6 8.
Bxa6 Nxa6 9. Ne5 c5 10. a4 Qc7 11. c3 Nb8 12. b4 Nbd7 13. Ndf3 Ne4 14. Rc1 f6
15. Nxd7 Qxd7 16. Bxd6 Qxd6 17. bxc5 bxc5 18. c4 Rac8 19. cxd5 Qxd5 20. dxc5
Qxd1 21. Rfxd1 Nxc5 22. Rc4 Nb3 23. Rxc8 Rxc8 24. g3 Rc7 25. Rd3 Nc5 26. Rc3 e5
27. Nd2 Kf8 28. Ne4 Ne6 29. Rxc7 Nxc7 30. Kf1 Ke7 31. g4 Ke6 32. Ke2 Kd5 33.
Kd3 Ne6 34. h4 Nc5+ 35. Nxc5 Kxc5 36. Kc3 g6 37. Kb3 f5 38. g5 f4 39. Kc3 fxe3
40. fxe3 a5 41. e4 Kd6 42. Kd2 Kd7 43. Kd3 Kd6 44. Kc4 Kc6 45. Kb3 Kc7 46. Kc3
Kd6 47. Kc4 Kc6 1/2-1/2

[Event "Chessable Masters - Torneo preliminare"]
[Site "Internet"]
[Date "2023.03.13"]
[Round "1"]
[White "Michalik, Peter"]
[Black "Anton Guijarro, David"]
[Result "1/2-1/2"]
[WhiteElo "2526"]
[BlackElo "2635"]
[PlyCount "116"]
[EventDate "2023.??.??"]

1. e4 c6 2. Nf3 d5 3. d3 g6 4. e5 c5 5. c3 Nc6 6. d4 cxd4 7. cxd4 Bg4 8. Bb5
Qa5+ 9. Nc3 e6 10. Be3 Nge7 11. Rc1 Nf5 12. Bxc6+ bxc6 13. Qa4 Qxa4 14. Nxa4
Bxf3 15. gxf3 Kd7 16. Ke2 Be7 17. Rc2 Rab8 18. Rhc1 Rhc8 19. b3 Rb5 20. Kd3 Ba3
21. Rg1 h6 22. h3 g5 23. f4 gxf4 24. Bxf4 Rbb8 25. Bc1 Be7 26. Be3 Rb5 27. Nc3
Rb4 28. Na4 c5 29. Nxc5+ Bxc5 30. dxc5 Rh4 31. Rh1 Kc6 32. a3 a5 33. b4 axb4
34. axb4 Rxb4 35. Ra1 Rb3+ 36. Rc3 Rxc3+ 37. Kxc3 d4+ 38. Bxd4 Kd5 39. Rd1 Ra8
40. Be3+ Kc6 41. Kb4 Rb8+ 42. Kc4 Rb5 43. Ra1 Nxe3+ 44. fxe3 Rxc5+ 45. Kd4 Rb5
46. Ra7 Rb4+ 47. Kd3 Rh4 48. Rxf7 Kd5 49. Rf3 Kxe5 50. Rg3 Kd5 51. Rf3 e5 52.
Rg3 Ra4 53. Rg8 e4+ 54. Kd2 Ra2+ 55. Kc3 Ra3+ 56. Kd2 Ra2+ 57. Kc3 Ra3+ 58. Kd2
Ra2+ 1/2-1/2

[Event "Chessable Masters - Torneo preliminare"]
[Site "Internet"]
[Date "2023.03.13"]
[Round "1"]
[White "Drozdowski, Kacper"]
[Black "Nguyen, Thai Dai Van"]
[Result "0-1"]
[WhiteElo "2472"]
[BlackElo "2544"]
[PlyCount "154"]
[EventDate "2023.??.??"]

1. e4 e5 2. Nf3 Nc6 3. Bc4 Bc5 4. c3 Nf6 5. d3 d6 6. Bb3 h6 7. h3 a5 8. Nbd2
Be6 9. Nf1 Bxb3 10. axb3 O-O 11. Ng3 d5 12. Qe2 Re8 13. O-O Qd7 14. Nh4 Rad8
15. Qf3 dxe4 16. Nxe4 Nxe4 17. dxe4 Qe6 18. Nf5 Bf8 19. Qg4 Kh7 20. Ne3 Qxb3
21. Nd5 Rxd5 22. exd5 Qxd5 23. Rd1 Qb3 24. Qe4+ Kg8 25. Qd5 Qxd5 26. Rxd5 Bd6
27. Be3 f6 28. c4 Kf7 29. c5 Ke6 30. Rd3 Be7 31. Rb3 Rb8 32. g4 Kd5 33. Rd1+
Nd4 34. Rb5 Kc6 35. Rxa5 Bxc5 36. Kg2 b6 37. Raa1 Kd5 38. Ra7 Rc8 39. h4 Kc4
40. g5 hxg5 41. hxg5 Kb3 42. Rd2 Bb4 43. Rd1 Bc5 44. Rd2 fxg5 45. Rb7 Bb4 46.
Rd1 Bc5 47. Rc1 Kb4 48. Bxg5 Kb5 49. Ra7 Nb3 50. Rd1 Bd4 51. Ra3 Kb4 52. Rd3
Nc5 53. Be7 Kc4 54. Bxc5 Kxc5 55. b3 Rf8 56. Ra2 Kb4 57. Rg3 Rf7 58. Ra4+ Kb5
59. Ra8 c5 60. Rg8 Rxf2+ 61. Kh3 e4 62. Re8 e3 63. Rg5 Rb2 64. Rd5 Rxb3 65. Kg4
Rb4 66. Kf3 Kc4 67. Rd7 Rb2 68. Re4 b5 69. Rxg7 Rf2+ 70. Kg3 b4 71. Rb7 b3 72.
Rh4 Rd2 73. Rh1 b2 74. Kf3 Kc3 75. Ke4 e2 76. Kd5 Bg1+ 77. Kc6 e1=Q 0-1

[Event "Chessable Masters - Torneo preliminare"]
[Site "Internet"]
[Date "2023.03.13"]
[Round "1"]
[White "Alonso Rosell, Alvar"]
[Black "Liang, Awonder"]
[Result "0-1"]
[WhiteElo "2473"]
[BlackElo "2508"]
[PlyCount "72"]
[EventDate "2023.??.??"]

1. d4 Nf6 2. c4 e6 3. Nf3 b6 4. g3 Bb7 5. Bg2 Be7 6. O-O O-O 7. Re1 Na6 8. h4
d6 9. Nc3 Ne4 10. Nxe4 Bxe4 11. Bh3 Nb4 12. Ng5 Bg6 13. e4 h6 14. h5 Bxh5 15.
Qxh5 Bxg5 16. f4 Bf6 17. Rd1 Nc2 18. e5 Nxa1 19. exf6 Qxf6 20. Bg2 Nc2 21. Bxa8
Rxa8 22. Qe2 Nb4 23. a3 Nc6 24. Qf3 d5 25. Be3 Ne7 26. g4 Rd8 27. c5 bxc5 28.
dxc5 Qxb2 29. Bd4 Qc2 30. Re1 Nc6 31. Ba1 Qxc5+ 32. Kh2 d4 33. f5 Qd5 34. Qg3
Qd6 35. fxe6 fxe6 36. a4 d3 0-1

[Event "Chessable Masters - Torneo preliminare"]
[Site "Internet"]
[Date "2023.03.13"]
[Round "1"]
[White "Sjugirov, Sanan"]
[Black "Artemiev, Vladislav"]
[Result "0-1"]
[WhiteElo "2543"]
[BlackElo "2735"]
[PlyCount "72"]
[EventDate "2023.??.??"]

1. e4 e5 2. Nf3 Nc6 3. Bb5 a6 4. Ba4 Nf6 5. O-O Be7 6. d3 b5 7. Bb3 O-O 8. a4
b4 9. Nbd2 Bc5 10. Nc4 d6 11. h3 Be6 12. a5 Nd4 13. Ba2 Rb8 14. Be3 Nxf3+ 15.
Qxf3 Nd7 16. Qg3 Bxe3 17. Qxe3 Rb5 18. Nd2 Bxa2 19. Rxa2 Nc5 20. Raa1 Ne6 21.
Nc4 f6 22. Qd2 b3 23. Na3 Rb8 24. c3 d5 25. Rfd1 c6 26. Qe3 Qxa5 27. exd5 cxd5
28. d4 e4 29. c4 f5 30. Nb5 Qd8 31. cxd5 f4 32. Qe1 Ng5 33. Nc3 Rb6 34. Kh1 f3
35. Qg1 fxg2+ 36. Qxg2 Rh6 0-1

[Event "Chessable Masters - Torneo preliminare"]
[Site "Internet"]
[Date "2023.03.13"]
[Round "1"]
[White "Giri, Anish"]
[Black "Drygalov, Sergey"]
[Result "1/2-1/2"]
[WhiteElo "2714"]
[BlackElo "2461"]
[PlyCount "154"]
[EventDate "2023.??.??"]

1. e4 c5 2. Nf3 d6 3. d4 cxd4 4. Nxd4 Nf6 5. Nc3 a6 6. h3 e5 7. Nf3 Be7 8. g4
h6 9. Rg1 g5 10. Nd2 Nbd7 11. Nc4 Nc5 12. Qf3 Ne6 13. Ne3 Nd4 14. Qd1 Be6 15.
Bg2 Rc8 16. Ncd5 Nc6 17. c3 Na5 18. Nxe7 Kxe7 19. Qd3 Qc7 20. b3 b5 21. Bb2 Qb6
22. Rd1 Rhd8 23. Bf3 Nb7 24. b4 Bxa2 25. Nf5+ Kf8 26. Ra1 Be6 27. Qe3 Qxe3+ 28.
fxe3 Bxf5 29. exf5 d5 30. Rxa6 Nd6 31. Ke2 e4 32. Bg2 Ke7 33. Rga1 Nc4 34. Bc1
Rd7 35. Kf2 h5 36. gxh5 Nxh5 37. Bf1 Nf6 38. Be2 Rg8 39. Rc6 g4 40. hxg4 Ne5
41. Rb6 Nfxg4+ 42. Ke1 Nc4 43. Rc6 f6 44. Re6+ Kf7 45. Raa6 Nce5 46. Bxb5 Rc7
47. Kd1 Rh8 48. Kc2 Rh2+ 49. Kb3 Nd3 50. Ba3 Rh1 51. Red6 Rb1+ 52. Ka2 Rd1 53.
Kb3 Rb1+ 54. Kc2 Ra1 55. Bxd3 exd3+ 56. Kxd3 Re1 57. Kd2 Rxe3 58. Rxf6+ Nxf6
59. Kxe3 Rxc3+ 60. Ke2 Rb3 61. Kd2 Ne4+ 62. Kc2 Rc3+ 63. Kb2 d4 64. Ra7+ Kf6
65. Rd7 Rc4 66. Kb3 Nd2+ 67. Ka4 Kxf5 68. Ka5 Ke4 69. b5 Nb3+ 70. Kb6 d3 71.
Bf8 d2 72. Bh6 Rd4 73. Re7+ Kd3 74. Bxd2 Nxd2 75. Kc6 Nc4 76. Kc5 Rh4 77. Rd7+
Kc3 1/2-1/2

[Event "Chessable Masters - Torneo preliminare"]
[Site "Internet"]
[Date "2023.03.13"]
[Round "1"]
[White "Sargissian, Gabriel"]
[Black "Bindrich, Falko"]
[Result "0-1"]
[WhiteElo "2628"]
[BlackElo "2548"]
[PlyCount "92"]
[EventDate "2023.??.??"]

1. d4 d5 2. c4 e6 3. Nf3 Nf6 4. Nc3 Be7 5. Bf4 O-O 6. e3 Nbd7 7. c5 Ne4 8. Rc1
f5 9. h3 c6 10. Be2 b6 11. cxb6 axb6 12. a4 g5 13. Bh2 Bb7 14. O-O Bf6 15. Qb3
c5 16. Nxe4 fxe4 17. Ne5 Bxe5 18. dxe5 c4 19. Qd1 Nc5 20. Ra1 Bc6 21. a5 Rxa5
22. Rxa5 bxa5 23. f4 exf3 24. Bxf3 Nd3 25. Bg4 Bd7 26. Rxf8+ Qxf8 27. Bg3 Nxb2
28. Qd4 Nd3 29. Qa7 Qd8 30. Be2 Nb4 31. e4 Nc6 32. Qc5 Qf8 33. Qb6 Qb8 34.
Qxb8+ Nxb8 35. exd5 c3 36. Be1 c2 37. Bd2 exd5 38. Bd3 Ba4 39. Bf5 Nc6 40. Be6+
Kf8 41. Bxd5 Nxe5 42. Be4 Bb3 43. Bxg5 a4 44. Bc1 Nc4 45. Bd3 a3 46. Bxc4 a2
0-1

[Event "Chessable Masters - Torneo preliminare"]
[Site "Internet"]
[Date "2023.03.13"]
[Round "1"]
[White "Krzyzanowski, Marcin"]
[Black "Chirila, Ioan-Cristian"]
[Result "0-1"]
[WhiteElo "2435"]
[BlackElo "2508"]
[PlyCount "44"]
[EventDate "2023.??.??"]

1. e4 c5 2. Nf3 Nc6 3. Bb5 g6 4. O-O Bg7 5. c3 Nf6 6. Re1 O-O 7. d4 cxd4 8.
cxd4 d5 9. e5 Ne4 10. Bxc6 bxc6 11. Be3 Qb6 12. Qc1 Rb8 13. b3 Bf5 14. Nc3 Rfc8
15. Nxe4 Bxe4 16. Nd2 Bf5 17. Qc3 a5 18. a3 Qb5 19. Rec1 f6 20. exf6 Bxf6 21.
Qc5 e5 22. Qxd5+ cxd5 0-1

[Event "Chessable Masters - Torneo preliminare"]
[Site "Internet"]
[Date "2023.03.13"]
[Round "1"]
[White "Rustemov, Alexander"]
[Black "Erigaisi, Arjun"]
[Result "1/2-1/2"]
[WhiteElo "2494"]
[BlackElo "2685"]
[PlyCount "221"]
[EventDate "2023.??.??"]

1. d4 Nf6 2. c4 e6 3. Nf3 b6 4. a3 Bb7 5. Nc3 Be7 6. Bg5 O-O 7. e3 c5 8. Bd3
cxd4 9. Nxd4 d6 10. O-O Nbd7 11. Rc1 Rc8 12. Qe2 Qc7 13. Rfd1 Rfd8 14. b4 Ne5
15. Ncb5 Qb8 16. Nb3 Qa8 17. Qf1 h6 18. Bf4 a6 19. Nc3 Nxd3 20. Rxd3 Rxc4 21.
f3 Rdc8 22. Na4 Rxc1 23. Nxc1 Rc6 24. e4 Qc8 25. Ne2 Nd7 26. Qd1 b5 27. Nac3
Bf6 28. Qd2 e5 29. Be3 Be7 30. Nd5 Bf8 31. Nec3 Rc4 32. h3 Bxd5 33. Nxd5 Rc2
34. Rc3 Rxc3 35. Qxc3 Qxc3 36. Nxc3 Be7 37. Nd5 Bd8 38. Kf2 h5 39. Ke2 h4 40.
Kd3 g6 41. Kc3 f5 42. Kb3 Kf7 43. a4 bxa4+ 44. Kxa4 Ke6 45. b5 axb5+ 46. Kxb5
Nf8 47. Kc6 fxe4 48. fxe4 g5 49. Kb5 Ng6 50. Kc4 Bf6 51. Kd3 Nf8 52. Ke2 Kf7
53. Kf3 Ne6 54. g3 hxg3 55. Kxg3 Bd8 56. Kg4 Kg6 57. Nc3 Nc5 58. Kf3 Kh5 59.
Bf2 Nd3 60. Bg3 Ba5 61. Nd5 Kg6 62. Ke3 Nf4 63. Bxf4 exf4+ 64. Kf3 Kh5 65. Nf6+
Kh4 66. Kg2 Bc3 67. Ng4 Kh5 68. Nh2 Be1 69. Nf3 Bc3 70. Nh2 Kg6 71. Kf3 Kf6 72.
Ng4+ Ke6 73. Nh6 Bf6 74. Ng4 Bg7 75. Kg2 Kd7 76. Nh2 Kc6 77. Nf3 Bf6 78. Nh2
Kc5 79. Ng4 Bg7 80. Kf3 Kd4 81. Nf2 Be5 82. Ke2 Kc3 83. Ng4 Kd4 84. Nf2 Bf6 85.
Kf3 Be7 86. Ke2 Bd8 87. Kf3 Ba5 88. Ke2 Bc3 89. Kf3 Be1 90. Ng4 Bh4 91. Nh6 Ke5
92. Ng4+ Ke6 93. Nh6 Bg3 94. Ng4 Be1 95. Ke2 Bh4 96. Kf3 Kf7 97. Ke2 Kg6 98.
Kf3 Bg3 99. Kg2 Kh5 100. Nf6+ Kh4 101. Ng4 f3+ 102. Kxf3 Kxh3 103. Nf6 Bf4 104.
Ng4 Be5 105. Ne3 Bc3 106. Ng4 Bd4 107. Nh6 Bb6 108. Ng4 Kh4 109. Nf6 Bd4 110.
Ng4 Be5 111. Ne3 1/2-1/2

[Event "Chessable Masters - Torneo preliminare"]
[Site "Internet"]
[Date "2023.03.13"]
[Round "1"]
[White "Gukesh, D."]
[Black "Sattarov, Bobir"]
[Result "1-0"]
[WhiteElo "2629"]
[BlackElo "2333"]
[PlyCount "93"]
[EventDate "2023.??.??"]

1. Nf3 Nf6 2. c4 e6 3. Nc3 d5 4. e3 Bd6 5. b3 c6 6. Bb2 Nbd7 7. Be2 Qe7 8. O-O
O-O 9. d4 Re8 10. Qc2 dxc4 11. Bxc4 e5 12. Ng5 Rf8 13. Rad1 h6 14. Nge4 Nxe4
15. Nxe4 Bc7 16. d5 cxd5 17. Rxd5 Nb6 18. Rc5 Bf5 19. Bd3 Bxe4 20. Bxe4 Bd6 21.
Rc3 Bb4 22. Rc7 Rac8 23. Bh7+ Kh8 24. Rxe7 Rxc2 25. Bxc2 Bxe7 26. Bxe5 Bf6 27.
Bxf6 gxf6 28. Be4 Rd8 29. Bxb7 Rd2 30. a4 a5 31. Rb1 Kg7 32. h3 Ra2 33. Bc6 Kf8
34. b4 Nxa4 35. bxa5 Nc5 36. Rb5 Nd3 37. f4 Ra1+ 38. Kh2 Ra3 39. Bb7 Ne1 40. a6
Nc2 41. e4 Ra2 42. e5 Nd4 43. Rd5 fxe5 44. Rxe5 Ne6 45. f5 Nd8 46. f6 Ne6 47.
Rh5 1-0

[Event "Chessable Masters - Torneo preliminare"]
[Site "Internet"]
[Date "2023.03.13"]
[Round "1"]
[White "Shimanov, Aleksandr"]
[Black "Sevian, Samuel"]
[Result "0-1"]
[WhiteElo "2610"]
[BlackElo "2582"]
[PlyCount "120"]
[EventDate "2023.??.??"]

1. e4 c6 2. d4 d5 3. Nc3 dxe4 4. Nxe4 Bf5 5. Ng3 Bg6 6. h4 h6 7. Nf3 Nd7 8. Bd3
Bxd3 9. Qxd3 e6 10. Bf4 Qa5+ 11. Bd2 Qb6 12. O-O-O Ngf6 13. Ne4 Be7 14. Kb1 Rd8
15. Qe2 c5 16. Nxf6+ Nxf6 17. dxc5 Bxc5 18. Ne5 Nd5 19. c4 Ne7 20. Bc3 Bd4 21.
Bxd4 Rxd4 22. Qf3 Nf5 23. g4 Qd6 24. Nxf7 Kxf7 25. gxf5 e5 26. Qxb7+ Qe7 27.
Qxe7+ Kxe7 28. Rxd4 exd4 29. Rg1 Kf6 30. Kc2 Rc8 31. Kd3 Rc5 32. Kxd4 Rxf5 33.
Rf1 Rf4+ 34. Kd5 Ke7 35. Rg1 Rf5+ 36. Kc6 Kf6 37. Rg2 Rf4 38. c5 Rxh4 39. Kd5
Rb4 40. b3 g5 41. c6 Ke7 42. Rh2 Rb5+ 43. Ke4 Rb4+ 44. Ke5 Rb5+ 45. Kd4 Rf5 46.
Rxh6 Rxf2 47. a4 g4 48. Rg6 Rf4+ 49. Kc5 Rf5+ 50. Kc4 Rf4+ 51. Kb5 Kf7 52. Rg5
Kf6 53. Rg8 Kf7 54. c7 Kxg8 55. c8=Q+ Kg7 56. Qc7+ Rf7 57. Qe5+ Kg6 58. Ka6 Rf3
59. Qe6+ Rf6 60. Qxf6+ Kxf6 0-1

[Site "Internet"]

[Event "Chessable Masters - Torneo preliminare"]
[White "Sarana, Alexey"]
[Black "Nguyen, Ngoc Truong Son"]
[WhiteFideId "24133795"]
[BlackFideId "12401110"]
[WhiteElo "2643"]
[BlackElo "2585"]
[Result "0-1"]
[Round "1"]
[TimeControl "600+2"]
[Date "2023.03.13"]
[WhiteClock "0:00:49"]
[BlackClock "0:00:17"]

1. d4 {[%clk 0:10:00]}  Nf6 {[%clk 0:09:59]} 2. c4 {[%clk 0:10:02]}  e6 {[%clk 0:09:56]} 3. Nc3 {[%clk 0:09:58]}  Bb4 {[%clk 0:09:54]} 4. e3 {[%clk 0:09:59]}  d5 {[%clk 0:09:48]} 5. Bd3 {[%clk 0:09:51]}  c5 {[%clk 0:09:44]} 6. a3 {[%clk 0:09:51]}  Bxc3+ {[%clk 0:09:40]} 7. bxc3 {[%clk 0:09:53]}  O-O {[%clk 0:09:33]} 8. cxd5 {[%clk 0:09:52]}  exd5 {[%clk 0:09:26]} 9. Ne2 {[%clk 0:09:53]}  b6 {[%clk 0:09:08]} 10. f3 {[%clk 0:09:53]}  Ba6 {[%clk 0:09:08]} 11. O-O {[%clk 0:09:54]}  Bxd3 {[%clk 0:08:59]} 12. Qxd3 {[%clk 0:09:56]}  Re8 {[%clk 0:08:57]} 13. Ng3 {[%clk 0:09:57]}  Nc6 {[%clk 0:08:55]} 14. Bb2 {[%clk 0:09:58]}  Rc8 {[%clk 0:08:45]} 15. e4 {[%clk 0:09:58]}  cxd4 {[%clk 0:08:37]} 16. cxd4 {[%clk 0:09:58]}  dxe4 {[%clk 0:08:38]} 17. fxe4 {[%clk 0:10:00]}  Ne5 {[%clk 0:08:34]} 18. Qe2 {[%clk 0:10:01]}  Nc4 {[%clk 0:08:27]} 19. e5 {[%clk 0:10:02]}  Nxb2 {[%clk 0:08:02]} 20. Qxb2 {[%clk 0:10:04]}  Ng4 {[%clk 0:08:02]} 21. Nf5 {[%clk 0:09:58]}  Rc6 {[%clk 0:07:00]} 22. Qb3 {[%clk 0:09:32]}  Qc7 {[%clk 0:05:58]} 23. Nd6 {[%clk 0:08:48]}  Rf8 {[%clk 0:05:52]} 24. Qg3 {[%clk 0:08:41]}  Nh6 {[%clk 0:05:47]} 25. Rae1 {[%clk 0:08:42]}  Qe7 {[%clk 0:04:47]} 26. h4 {[%clk 0:07:44]}  g6 {[%clk 0:04:16]} 27. Qf4 {[%clk 0:07:15]}  Kg7 {[%clk 0:04:06]} 28. d5 {[%clk 0:07:00]}  Rc5 {[%clk 0:03:41]} 29. Qd4 {[%clk 0:07:01]}  Rd8 {[%clk 0:03:26]} 30. Rf6 {[%clk 0:05:58]}  Rxd6 {[%clk 0:02:53]} 31. Rxd6 {[%clk 0:05:55]}  Nf5 {[%clk 0:02:54]} 32. Qa1 {[%clk 0:05:07]}  Nxd6 {[%clk 0:02:54]} 33. exd6+ {[%clk 0:03:57]}  Qf6 {[%clk 0:02:53]} 34. Qd1 {[%clk 0:03:58]}  Qxd6 {[%clk 0:02:43]} 35. Qd4+ {[%clk 0:03:59]}  Qf6 {[%clk 0:02:08]} 36. Qe4 {[%clk 0:04:00]}  h5 {[%clk 0:01:33]} 37. Rf1 {[%clk 0:03:59]}  Qd6 {[%clk 0:01:32]} 38. Qd4+ {[%clk 0:04:01]}  f6 {[%clk 0:01:30]} 39. Rd1 {[%clk 0:04:00]}  Rc7 {[%clk 0:01:26]} 40. Qd3 {[%clk 0:03:56]}  Re7 {[%clk 0:01:16]} 41. Kh1 {[%clk 0:03:29]}  Kh7 {[%clk 0:01:00]} 42. Qc3 {[%clk 0:03:20]}  Re5 {[%clk 0:00:52]} 43. Qf3 {[%clk 0:03:19]}  Kg7 {[%clk 0:00:49]} 44. Qd3 {[%clk 0:03:19]}  a5 {[%clk 0:00:42]} 45. a4 {[%clk 0:03:18]}  Kh7 {[%clk 0:00:42]} 46. Qd4 {[%clk 0:03:13]}  Rf5 {[%clk 0:00:37]} 47. Qe3 {[%clk 0:01:37]}  Kg7 {[%clk 0:00:36]} 48. Qc3 {[%clk 0:00:58]}  Rf4 {[%clk 0:00:27]} 49. g3 {[%clk 0:00:55]}  Rxa4 {[%clk 0:00:26]} 50. Kg2 {[%clk 0:00:56]}  Ra3 {[%clk 0:00:23]} 51. Qe1 {[%clk 0:00:56]}  b5 {[%clk 0:00:21]} 52. Rc1 {[%clk 0:00:54]}  Qxd5+ {[%clk 0:00:17]} 53. Kg1 {[%clk 0:00:53]}  Qd4+ {[%clk 0:00:17]} 54. Kh1 {[%clk 0:00:52]}  Qe5 {[%clk 0:00:16]} 55. Qd2 {[%clk 0:00:46]}  Rxg3 {[%clk 0:00:15]} 56. Re1 {[%clk 0:00:46]}  Rh3+ {[%clk 0:00:15]} 57. Kg1 {[%clk 0:00:47]}  Qg3+ {[%clk 0:00:16]} 58. Kf1 {[%clk 0:00:49]}  Rh1+ {[%clk 0:00:17]} 0-1


[Site "Internet"]

[Event "Chessable Masters - Torneo preliminare"]
[White "Svane, Rasmus"]
[Black "Yakubboev, Nodirbek"]
[WhiteFideId "4657101"]
[BlackFideId "14203987"]
[WhiteElo "2621"]
[BlackElo "2577"]
[Result "0-1"]
[Round "1"]
[TimeControl "600+2"]
[Date "2023.03.13"]
[WhiteClock "0:00:07"]
[BlackClock "0:00:14"]

1. Nf3 {[%clk 0:09:56]}  Nf6 {[%clk 0:09:44]} 2. g3 {[%clk 0:09:44]}  g6 {[%clk 0:09:43]} 3. Bg2 {[%clk 0:09:44]}  Bg7 {[%clk 0:09:44]} 4. O-O {[%clk 0:09:45]}  O-O {[%clk 0:09:45]} 5. d4 {[%clk 0:09:47]}  d6 {[%clk 0:09:41]} 6. Re1 {[%clk 0:09:47]}  Ne4 {[%clk 0:09:00]} 7. Nbd2 {[%clk 0:09:42]}  Nxd2 {[%clk 0:08:55]} 8. Bxd2 {[%clk 0:09:41]}  Nc6 {[%clk 0:07:35]} 9. Bc3 {[%clk 0:08:43]}  e5 {[%clk 0:07:28]} 10. dxe5 {[%clk 0:08:38]}  dxe5 {[%clk 0:07:30]} 11. Qxd8 {[%clk 0:08:17]}  Rxd8 {[%clk 0:07:32]} 12. Rad1 {[%clk 0:06:13]}  Bf5 {[%clk 0:07:05]} 13. Rxd8+ {[%clk 0:05:42]}  Rxd8 {[%clk 0:07:07]} 14. e4 {[%clk 0:05:43]}  Be6 {[%clk 0:06:43]} 15. Ng5 {[%clk 0:05:30]}  Bc8 {[%clk 0:06:39]} 16. Bf1 {[%clk 0:05:31]}  h6 {[%clk 0:06:09]} 17. Nf3 {[%clk 0:05:30]}  Be6 {[%clk 0:06:10]} 18. b3 {[%clk 0:04:53]}  a6 {[%clk 0:05:04]} 19. Kg2 {[%clk 0:04:46]}  f6 {[%clk 0:04:59]} 20. Be2 {[%clk 0:04:35]}  Bf8 {[%clk 0:04:56]} 21. Rd1 {[%clk 0:04:35]}  Rxd1 {[%clk 0:04:48]} 22. Bxd1 {[%clk 0:04:37]}  Ba3 {[%clk 0:04:42]} 23. Be2 {[%clk 0:03:51]}  b5 {[%clk 0:04:34]} 24. h3 {[%clk 0:03:22]}  Kf7 {[%clk 0:03:59]} 25. Nh4 {[%clk 0:03:04]}  Ne7 {[%clk 0:01:45]} 26. Bg4 {[%clk 0:02:50]}  h5 {[%clk 0:01:41]} 27. Bxe6+ {[%clk 0:02:49]}  Kxe6 {[%clk 0:01:43]} 28. Kf1 {[%clk 0:02:22]}  f5 {[%clk 0:01:21]} 29. Nf3 {[%clk 0:01:31]}  fxe4 {[%clk 0:01:20]} 30. Nxe5 {[%clk 0:01:31]}  Bd6 {[%clk 0:01:20]} 31. f4 {[%clk 0:01:26]}  exf3 {[%clk 0:01:15]} 32. Nxf3 {[%clk 0:01:26]}  Bxg3 {[%clk 0:01:17]} 33. Ke2 {[%clk 0:01:18]}  Kf5 {[%clk 0:01:06]} 34. Kd3 {[%clk 0:01:03]}  Nd5 {[%clk 0:01:00]} 35. Bd2 {[%clk 0:01:02]}  Nf4+ {[%clk 0:01:00]} 36. Bxf4 {[%clk 0:01:03]}  Kxf4 {[%clk 0:01:02]} 37. Ke2 {[%clk 0:00:36]}  g5 {[%clk 0:00:49]} 38. Nd4 {[%clk 0:00:26]}  g4 {[%clk 0:00:46]} 39. hxg4 {[%clk 0:00:26]}  Kxg4 {[%clk 0:00:42]} 40. Kf1 {[%clk 0:00:21]}  h4 {[%clk 0:00:43]} 41. Nc6 {[%clk 0:00:16]}  Kf3 {[%clk 0:00:40]} 42. Nb4 {[%clk 0:00:09]}  Bf2 {[%clk 0:00:33]} 43. Nd3 {[%clk 0:00:06]}  Bd4 {[%clk 0:00:33]} 44. Ne1+ {[%clk 0:00:03]}  Kg3 {[%clk 0:00:34]} 45. Ke2 {[%clk 0:00:03]}  h3 {[%clk 0:00:34]} 46. Nf3 {[%clk 0:00:03]}  Bb6 {[%clk 0:00:28]} 47. c4 {[%clk 0:00:02]}  bxc4 {[%clk 0:00:25]} 48. bxc4 {[%clk 0:00:04]}  h2 {[%clk 0:00:26]} 49. Nxh2 {[%clk 0:00:05]}  Kxh2 {[%clk 0:00:27]} 50. Kd3 {[%clk 0:00:04]}  Bc5 {[%clk 0:00:13]} 51. Ke4 {[%clk 0:00:05]}  Ba3 {[%clk 0:00:14]} 52. Kd5 {[%clk 0:00:05]}  c5 {[%clk 0:00:13]} 53. Kc6 {[%clk 0:00:06]}  Bb4 {[%clk 0:00:11]} 54. Kb6 {[%clk 0:00:06]}  a5 {[%clk 0:00:13]} 55. Kb5 {[%clk 0:00:07]}  Kg3 {[%clk 0:00:14]} 0-1


[Site "Internet"]

[Event "Chessable Masters - Torneo preliminare"]
[White "Iturrizaga Bonelli, Eduardo"]
[Black "Malakhov, Vladimir"]
[WhiteFideId "3901211"]
[BlackFideId "4120787"]
[WhiteElo "2654"]
[BlackElo "2666"]
[Result "1-0"]
[Round "1"]
[TimeControl "600+2"]
[Date "2023.03.13"]
[WhiteClock "0:02:31"]
[BlackClock "0:01:04"]

1. c4 {[%clk 0:10:00]}  e6 {[%clk 0:09:59]} 2. Nf3 {[%clk 0:10:00]}  d5 {[%clk 0:09:59]} 3. e3 {[%clk 0:10:02]}  Nf6 {[%clk 0:09:54]} 4. b3 {[%clk 0:10:01]}  c5 {[%clk 0:09:33]} 5. Bb2 {[%clk 0:10:00]}  Nc6 {[%clk 0:09:34]} 6. cxd5 {[%clk 0:09:56]}  exd5 {[%clk 0:09:33]} 7. Bb5 {[%clk 0:09:54]}  Bd6 {[%clk 0:09:23]} 8. O-O {[%clk 0:09:53]}  O-O {[%clk 0:09:22]} 9. d4 {[%clk 0:09:49]}  cxd4 {[%clk 0:08:44]} 10. Nxd4 {[%clk 0:09:50]}  Bc7 {[%clk 0:08:44]} 11. Bxc6 {[%clk 0:09:13]}  bxc6 {[%clk 0:08:32]} 12. Nxc6 {[%clk 0:08:46]}  Qd6 {[%clk 0:07:42]} 13. Ne5 {[%clk 0:08:42]}  Ng4 {[%clk 0:07:41]} 14. Nf3 {[%clk 0:06:23]}  Nxh2 {[%clk 0:07:38]} 15. Nbd2 {[%clk 0:06:02]}  Bg4 {[%clk 0:07:02]} 16. Re1 {[%clk 0:05:28]}  Ba5 {[%clk 0:05:49]} 17. Nc4 {[%clk 0:04:31]}  Qh6 {[%clk 0:03:31]} 18. Nxa5 {[%clk 0:03:48]}  Bxf3 {[%clk 0:03:30]} 19. Qd4 {[%clk 0:03:04]}  Ng4 {[%clk 0:02:27]} 20. Qf4 {[%clk 0:02:58]}  g5 {[%clk 0:01:13]} 21. Qxf3 {[%clk 0:02:44]}  Qh2+ {[%clk 0:01:13]} 22. Kf1 {[%clk 0:02:45]}  h5 {[%clk 0:01:08]} 23. Qh3 {[%clk 0:02:32]}  Qc7 {[%clk 0:01:04]} 24. Qxh5 {[%clk 0:02:31]} 1-0


[Site "Internet"]